Justice League. (Record no. 815)

MARC details
000 -LEADER
fixed length control field 01117cam a22003258a 4500
005 - DATE AND TIME OF LATEST TRANSACTION
control field 20260322212035.0
008 - FIXED-LENGTH DATA ELEMENTS--GENERAL INFORMATION
fixed length control field data
010 ## - LIBRARY OF CONGRESS CONTROL NUMBER
LC control number 2011051844
020 ## - INTERNATIONAL STANDARD BOOK NUMBER
International Standard Book Number 9781401234614 (hardcover : alk. paper)
020 ## - INTERNATIONAL STANDARD BOOK NUMBER
International Standard Book Number 1401234615
040 ## - CATALOGING SOURCE
Original cataloging agency DLC
Transcribing agency DLC
050 00 - LIBRARY OF CONGRESS CALL NUMBER
Classification number PN6728.J87
Item number J65 2012
082 00 - DEWEY DECIMAL CLASSIFICATION NUMBER
Classification number 741.5/973
Edition information 23
099 ## - LOCAL FREE-TEXT CALL NUMBER (OCLC)
Classification number JOHNSG
001 - CONTROL NUMBER
control field data
100 1# - MAIN ENTRY--PERSONAL NAME
Personal name Johns, Geoff,
Dates associated with a name 1973-
245 10 - TITLE STATEMENT
Title Justice League.
Number of part/section of a work Volume 1,
Name of part/section of a work Origin /
Statement of responsibility, etc. Geoff Johns, Jim Lee & Scott Williams.
246 30 - VARYING FORM OF TITLE
Title proper/short title Origin
260 ## - PUBLICATION, DISTRIBUTION, ETC.
Place of publication, distribution, etc. New York :
Name of publisher, distributor, etc. DC Comics,
Date of publication, distribution, etc. c2012.
263 ## - PROJECTED PUBLICATION DATE
Projected publication date 1111
300 ## - PHYSICAL DESCRIPTION
Extent p. cm.
500 ## - GENERAL NOTE
General note "Originally published in single magazine form in JUSTICE LEAGUE 1-6"--T.p. verso.
655 #0 - INDEX TERM--GENRE/FORM
Genre/form data or focus term Graphic novels.
700 1# - ADDED ENTRY--PERSONAL NAME
Personal name Lee, Jim,
Dates associated with a name 1964-
700 1# - ADDED ENTRY--PERSONAL NAME
Personal name Williams, Scott.
906 ## - LOCAL DATA ELEMENT F, LDF (RLIN)
a 0
b vip
c orignew
d 1
e ecip
f 20
g y-gencatlg
925 0# -
-- acquire
-- 2 shelf copies
-- policy default
963 ## -
-- Ailen Lujo; phone: 212-636-5610; fax: 212-636-5756; email: [email protected]; bc: [email protected]
Holdings
Withdrawn status Lost status Damaged status Not for loan Home library Current library Shelving location Date acquired Total checkouts Full call number Barcode Date last seen Price effective from Koha item type
        Franklin Franklin General stacks 22/03/2026   741.5/973 23 BC0010839 22/03/2026 22/03/2026 Books